Estatísticas para Municípios da Região Geográfica Intermediária de Porto Alegre

Clique aqui para jogar o quiz

Estatísticas Gerais

  • Esse quiz foi jogado 30 vezes
  • A pontuação média é 46 de 90

Respostas no mapa

Respostas codificadas por cores de uma escala verde-vermelha no mapa do quiz de acordo com a % correta abaixo.
 

Estatísticas das Respostas

Município% Correto
Canoas
95%
Esteio
95%
Gravataí
95%
Porto Alegre
95%
Torres
95%
Viamão
95%
Alvorada
91%
Capão da Canoa
91%
Guaíba
91%
Novo Hamburgo
91%
Osório
91%
São Leopoldo
91%
Cachoeirinha
86%
Glorinha
86%
Mostardas
86%
Tramandaí
86%
Arroio do Sal
82%
Imbé
82%
Nova Santa Rita
82%
Santo Antônio da Patrulha
82%
Cidreira
77%
Eldorado do Sul
77%
Sapucaia do Sul
77%
Xangri-Lá
77%
Camaquã
73%
Taquara
73%
Balneário Pinhal
68%
Capivari do Sul
68%
Palmares do Sul
64%
Terra de Areia
64%
Tavares
59%
Três Coroas
59%
Triunfo
59%
Arroio dos Ratos
55%
Campo Bom
55%
Charqueadas
55%
Dois Irmão
55%
Igrejinha
55%
Ivoti
55%
São Sebastião do Caí
55%
Sapiranga
55%
Tapes
55%
Barra do Ribeiro
50%
Bom Princípio
50%
Estância Velha
50%
Montenegro
50%
Morro Reuter
50%
Nova Hartz
45%
Portão
45%
Três Cachoeiras
45%
Caraá
41%
Maquiné
41%
Santa Maria do Herval
41%
Três Forquilhas
41%
Arambaré
36%
Parobé
36%
São Vendelino
36%
Butiá
32%
Cristal
32%
Dom Pedro de Alcântara
32%
Itati
32%
Mampituba
32%
Rolante
32%
São Jerônimo
32%
Amaral Ferrador
27%
Barão do Triunfo
27%
Mariana Pimentel
27%
Morrinhos do Sul
27%
Presidente Lucena
27%
General Câmara
23%
Lindolfo Collor
23%
Pareci Novo
23%
Sertão Santana
23%
Araricá
18%
Brochier
18%
Capela de Santana
18%
Chuvisca
18%
Dom Feliciano
18%
Linha Nova
18%
Riozinho
18%
Salvador do Sul
18%
Cerro Grande do Sul
14%
Harmonia
14%
Maratá
14%
Minas do Leão
14%
São José do Sul
14%
São Pedro da Serra
14%
Sentinela do Sul
14%
Tupandi
14%
São José do Hortêncio
9%

Distribuição das Pontuações

Percentil de Números Respondidos

Porcentagem de Pessoas com Cada Pontuação

Sua Pontuação Histórica

Você não jogou esse quiz